Le Code de la circulation sur les voies publiques : lois, règlements et jurisprudence avec notes et commentaires / par Gaston Monsarrat lois, règlements et jurisprudence avec notes et commentaires / par Gaston Monsarrat
Publicado:
Paris :
Direction des Publications Administratives et Bibliothèque Municipale & Rurale, [1921]
Descripción Física:
121 p. ; 17 cm
Materias:
Circulació -- Dret i legislació -- París
MARC
| LEADER | 00000nam a2200000Ia 4500 | ||
|---|---|---|---|
| 001 | 23408 | ||
| 008 | 160829s9999 xx 000 0 cat d | ||
| 080 | |a C-3-386 | ||
| 100 | |a Monsarrat, Gaston |9 48799 | ||
| 245 | |a Le Code de la circulation sur les voies publiques : |b lois, règlements et jurisprudence avec notes et commentaires / par Gaston Monsarrat | ||
| 260 | |a Paris : |b Direction des Publications Administratives et Bibliothèque Municipale & Rurale, [1921] | ||
| 300 | |a 121 p. ; |c 17 cm | ||
| 590 | |a Prové de OPP-3724 | ||
| 650 | |a Circulació |x Dret i legislació |x París |9 48800 | ||
| 901 | |a Arxiu | ||
| 942 | |n 1 | ||
| 952 | |0 0 |1 0 |4 0 |6 C3386 |7 1 |9 54864 |a Arxiu |b Arxiu |d 2012-03-08 |l 0 |o C-3-386 |p 23408 |r 2016-12-01 00:00:00 |w 2016-12-01 |y ARXIU | ||
| 999 | |c 58734 |d 58734 | ||